Normal view
MARC view
- Dixon
Entry Personal Name
001 - CONTROL NUMBER
- control field: 6843
003 - CONTROL NUMBER IDENTIFIER
- control field: OSt
005 - DATE AND TIME OF LATEST TRANSACTION
- control field: 20180813140400.0
008 - FIXED-LENGTH DATA ELEMENTS
- fixed length control field: 180813|| aca||aabn | a|a d
040 ## - CATALOGING SOURCE
- Original cataloging agency: OSt
- Transcribing agency: OSt
100 ## - HEADING--PERSONAL NAME
- Personal name: Dixon
670 ## - SOURCE DATA FOUND
- Source citation: Work cat.: (OSt): Dixon, The Hardy Boys:(The Clue of the screeching owl)